000 01069cam a22003377a 4500
003 CHAP
005 20220329140434.0
008 971013s1994 r 00010 d
010 _a51939
011 _a52911
035 _a57061
040 _cCHAP
082 _a551.403
_bE5 1994
245 1 4 _aThe Encyclopedic dictionary of physical geography
250 _a2 ed.
260 _aOxford :
_bBlackwell Reference,
_c1994
300 _a611 p.
_b: ilus.
590 _aBATCH-UPD
_b10
_c20130110
_lUCH01
_h0318
590 _aBATCH-UPD
_b10
_c20130110
_lUCH01
_h2142
590 _aBATCH-UPD
_b10
_c20130409
_lUCH01
_h2351
590 _aBATCH-UPD
_b10
_c20130914
_lUCH01
_h0423
590 _aCONVERSION
_b10
_c20130109
_lUCH01
_h1328
650 1 4 _aGeografía física
_xDiccionarios.
_947592
650 1 4 _aGeografía
_xDiccionarios.
_947547
700 0 _aAtkinson, B. W.
_98243
700 0 _aGoudie, Andrew.
_950097
700 0 _aGregory, K. J.
_950615
901 _aBK
942 _cLIBRO
949 _a551.403 E5 1994
_bBC
_cC
_d33724000515771
_eC
_gI. 180363
_h89762
_i57061
_si
_t183.00
999 _c51939
_d51939